000 00761nam a2200253Ia 4500
003 OSt
005 20220918205826.0
006 a|||||r|||| 00| 0
007 ta
008 220917b |||||||| |||| 00| 0 eng d
024 _a118,084
037 _cTextual
040 _aARTS
_cARTS
_beng
041 _2eng
_aeng
082 _aV6536.N60<-K40, M2(906)
100 _aManning Patrick
_917224
245 0 _aSlavery colonialism and economic growth in Dahomey1640-1960
260 _aCambridge
_bCambridge University Press
_c1982
300 _a445p.
_ccm.
500 _aAppendices p332-414(7-8); Bibliography p415-424
650 _aHISTORY
942 _hV6536.N60<-K40, M2(906)
_cTEXL
_2CC
999 _c241356
_d241356